书目信息 |
| 题名: |
乾嘉汉学的教育思想与论著选读
|
|
| 作者: | 冯克诚 编著 | |
| 分册: | 上 | |
| 出版信息: | 北京 人民武警出版社 2011 |
|
| 页数: | 350页 | |
| 开本: | 24cm | |
| 丛书名: | ||
| 单 册: | ||
| 中图分类: | G40-092.49 | |
| 科图分类: | ||
| 主题词: | 理学--教育思想--研究--中国--明代 , 理学 | |
| 电子资源: | ||
| ISBN: | 978-7-80176-464-5 | |
| 000 | 00762nam0 2200241 45 | |
| 001 | 1237576028 | |
| 005 | 20120618100559.45 | |
| 010 | @a978-7-80176-464-5@dCNY39.80(全2册79.60) | |
| 100 | @a20120408d2011 ekmy0chiy0120 ea | |
| 101 | 0 | @achi |
| 102 | @aCN@b110000 | |
| 105 | @aa z 000yy | |
| 106 | @ar | |
| 200 | 1 | @a乾嘉汉学的教育思想与论著选读@AQian Jia Han Xue De Jiao Yu Si Xiang Yu Lun Zhu Xuan Dou@h上@HShang@f冯克诚编著@FFeng Ke Cheng Bian Zhu |
| 210 | @a北京@c人民武警出版社@d2011 | |
| 215 | @a350页@d24cm | |
| 300 | @a教师必读文库 | |
| 606 | 0 | @a理学@x教育思想@x研究@y中国@z明代 |
| 606 | 0 | @a理学 |
| 690 | @aG40-092.49@v4 | |
| 701 | 0 | @a冯克诚@AFeng Ke Cheng@4编著 |
| 801 | 0 | @aCN@bTSTCL@c20120604 |
| 905 | @b0816832-35@dG40-092.49@e589:1@f4 | |
| 乾嘉汉学的教育思想与论著选读.上/冯克诚编著.-北京:人民武警出版社,2011 |
| 350页;24cm |
| 教师必读文库 |
| ISBN 978-7-80176-464-5:CNY39.80(全2册79.60) |
| ● |
| 相关链接 |
|
|
|
|
正题名:乾嘉汉学的教育思想与论著选读
索取号:G40-092.49/589:1
 
预约/预借
| 序号 | 登录号 | 条形码 | 馆藏地/架位号 | 状态 | 备注 |
| 1 | 0816832 | 208168329 | 第一样本阅览室/ [索取号:G40-092.49/589:1] | 在馆 | |
| 2 | 0816833 | 208168338 | 第四借阅区/ [索取号:G40-092.49/589:1] | 在馆 | |
| 3 | 0816834 | 208168347 | 第四借阅区/ [索取号:G40-092.49/589:1] | 在馆 | |
| 4 | 0816835 | 208168356 | 教育系资料室/ [索取号:G40-092.49/589:1] | 在馆 |